000 00887nab a22002177a 4500
999 _c5889
_d5889
003 OSt
005 20260109232028.0
008 190605e xxu||||| |||| 00| 0 spa d
040 _cPJ
100 _96767
_aOrtolado, María del Mar
245 1 3 _aLa importancia de la registración bajo la ley 26.844 /
_cMaría del Mar Ortolado.
260 _aCiudad Autónoma de Buenos Aires :
_bThomson Reuters La Ley,
_c2023.
300 _ap. 35-40
500 _aCita: TR LALEY AR/DOC/1401/2023.
505 _t¿Te interesa el texto completo? Solicitalo al correo: koha@justierradelfuego.gov.ar
650 0 _91316
_aDERECHO LABORAL
650 0 _91323
_aCONTRATO DE TRABAJO
650 0 _94447
_aPERSONAL DE CASAS PARTICULARES
773 0 _02711
_93168
_dCiudad Autónoma de Buenos Aires : Thomson Reuters La Ley, 1999-2002.
_tRevista de derecho del trabajo. Nº 4 - Julio 2023
942 _2udc
_cANA